Central Library OPAC University of Rajshahi

The Arab refugee problem / (Record no. 11970)

MARC details
000 -LEADER
fixed length control field 00667nam a2200229 a 4500
001 - CONTROL NUMBER
control field 11970
003 - CONTROL NUMBER IDENTIFIER
rucl marc code BD-RjUL
005 - DATE AND TIME OF LATEST TRANSACTION
control field 20211208235219.0
008 - FIXED-LENGTH DATA ELEMENTS--GENERAL INFORMATION
fixed length control field 190204s1952 us a 000 0 eng
035 ## - SYSTEM CONTROL NUMBER
System control number (BD-RjUL)12019
040 ## - CATALOGING SOURCE
Original cataloging agency DLC
Transcribing agency OTU
Modifying agency DLC
-- BD-RjUL
Language of cataloging eng
041 ## - LANGUAGE CODE
Language code of text/sound track or separate title eng
042 ## - AUTHENTICATION CODE
Authentication code premarc
082 ## - DEWEY DECIMAL CLASSIFICATION NUMBER
Classification number 956.94
Edition number 23
Author mark and year SCA 1952
100 1# - MAIN ENTRY--PERSONAL NAME
Personal name Schechtman, Joseph B.,
Dates associated with a name 1891-1970.
9 (RLIN) 228941
245 14 - TITLE STATEMENT
Title The Arab refugee problem /
Statement of responsibility, etc. by Joseph B. Schechtman
260 ## - PUBLICATION, DISTRIBUTION, ETC. (IMPRINT)
Place of publication, distribution, etc. New York:
Name of publisher, distributor, etc. Philosophical Library,
Date of publication, distribution, etc. 1952
300 ## - PHYSICAL DESCRIPTION
Pagination xi, 137 p. :
Illustrations Ill. ;.
Size 21 cm.
504 ## - BIBLIOGRAPHY, ETC. NOTE
Bibliography, etc Includes bibliographies.
650 #0 - SUBJECT ADDED ENTRY--TOPICAL TERM
Topical term or geographic name as entry element Refugees, Arab.
9 (RLIN) 228942
942 ## - ADDED ENTRY ELEMENTS (KOHA)
Source of classification or shelving scheme Dewey Decimal Classification
Koha item type Rare Books
Holdings
Lost status Source of classification or shelving scheme Damaged status Not for loan Collection code Permanent Location Current Location Shelving location Date acquired Source of acquisition Cost, normal purchase price Total Checkouts Full call number Date last seen Copy number Koha item type
  Dewey Decimal Classification   Not For Loan Rare Books Central Library, University of Rajshahi Central Library, University of Rajshahi Rare Book Section 28/09/1966 A. I. Quraishi 14.40   RA 956.94 SCA 1952 04/03/2019 C-1 Rare Books